00539nam a22001697a 4500003000400000008004100004082001800045100002100063245013800084260006800222300001000290502001700300650001700317650001300334650001100347650001100358OSt260430b |||||||| |||| 00| 0 eng d a635.642bS48E aSingh, Rajendra. aExploitation of Heterosis in Tomato (Lycopersicon esculentum mill.) for Heat Tolerance, Yield and Fruit Quality / cby Rajendra Singh a.- Sabour, Bhagalpurb: Bihar Agricultural College, RAUc, 1992 a208p. bPh. D.d1992 aHorticulture aTomatoes aThesis aPh. D.